Leche y productos lácteos : tecnología, química y microbiología /

Guardado en:
Autor Principal: Varnam, Alan H.
Otros Autores: Sutherland, Jane P.
Formato: Libro
Publicado: Zaragoza : Acribia, 1994
Materias:
Etiquetas: Agregar Etiqueta
Sin Etiquetas, Sea el primero en etiquetar este registro!
LEADER 00911nam a22002055a 4500
001 CEM.cems017599
005 20110518115340.0
008 130507s1994##################000#0#####d
003 CEMS
020 |a 8420007943 
082 0 4 |a 637.14 
100 1 |a Varnam, Alan H. 
245 1 0 |a Leche y productos lácteos :  |b tecnología, química y microbiología /  |c Alan H. Varnam y Jane P. Sutherland 
260 |a Zaragoza :  |b  Acribia,  |c 1994 
300 |a 476 p. 
505 0 |a Introducción -- Leche y productos lácteos líquidos -- Leches concentradas y leches en polvo -- Productos basados en proteína lácteas -- Nata y productos derivados de la nata -- Mantequilla, margarina y productos para extender -- Queso -- Leches fermentadas -- Helados y otros productos similares 
653 |a Leche 
653 |a Productos lácteos 
700 1 |a Sutherland, Jane P. 
859 |a CEMS  |b BIB. CEMS - Agricultura  |h 637.14  |i V431  |p A1384.11  |t Ej.1